000
00298nam a22001337a 4500
008
181207b xxu||||| |||| 00| 0 eng d
020
_a
0824790790
041
_a
eng
080
_a
510
100
_a
36
101
_a
MAT
245
_a
Complex Variables An Introduction
_c
Fulks,W
942
_2
udc
_c
BK
999
_c
53028
_d
53028